000 00452nam a2200157Ia 4500
003 GCL
008 140319s9999 xx 000 0 eng d
040 _aGCL /
_cGCL
082 0 4 _a612.63
_bP A
100 1 _aPARRY, VIVIENNE
245 1 0 _aTHE ANTENATAL TESTING HANDBOOK: THE COMPLETE GUIDE TO TESTING IN PREGNANCY /
_cPARRY, VIVIENNE
260 _a[S.N] :
_bCOX AND WYMONLIMITED ،
_c1993
300 _a232 P
650 0 4 _aPREGNANCY
942 _2ddc
_cBK
999 _c12241
_d12241